<?xml version="1.0" encoding="UTF-8"?>
<marc:record xmlns:marc="http://www.loc.gov/MARC21/slim">
   <marc:leader>00000nam a2200000 a 4500</marc:leader>
   <marc:datafield ind1="1" ind2=" " tag="100">
      <marc:subfield code="a">Michael Caine, Robert Duvall, Haley Joel Osment</marc:subfield>
   </marc:datafield>
   <marc:datafield ind1="0" ind2="0" tag="245">
      <marc:subfield code="a">Löwen aus zweiter Hand</marc:subfield>
   </marc:datafield>
   <marc:datafield ind1="0" ind2="0" tag="245">
      <marc:subfield code="b">248</marc:subfield>
   </marc:datafield>
   <marc:datafield ind1=" " ind2="1" tag="264">
      <marc:subfield code="b">New Line Cinema</marc:subfield>
   </marc:datafield>
   <marc:datafield ind1="1" ind2=" " tag="520">
      <marc:subfield code="a">Der schüchterne Walter würde alles darum geben, die Sommerferien nicht auf der Farm seiner beiden Großonkel verbringen zu müssen. Es heißt, die beiden schrulligen, alten Münner seien früher Bankräuber, Mafiakiller oder sogar Schlimmeres gewesen! Tatsächlich scheint Garth und Hub das Bargeld auszugehen. Doch dann entlockt Walter seinen Onkel Stück für Stück Einzelheiten einer fantastischen Geschichte...</marc:subfield>
   </marc:datafield>
   <marc:datafield ind1=" " ind2=" " tag="500">
      <marc:subfield code="a">Deutsch, Englisch</marc:subfield>
   </marc:datafield>
   <marc:datafield ind1="0" ind2=" " tag="490">
      <marc:subfield code="v">0</marc:subfield>
   </marc:datafield>
   <marc:datafield ind1=" " ind2=" " tag="300">
      <marc:subfield code="a">105 Min.</marc:subfield>
   </marc:datafield>
</marc:record>
